| 000 | 01695cam a22001814a 4500 | ||
|---|---|---|---|
| 005 | 20250605164356.0 | ||
| 008 | 250528s ||||||||||||||||||||||||d | ||
| 035 | _a24337 | ||
| 040 |
_aGR-AtMCL _bgre _dGR-AtMCL _eAACR2 |
||
| 245 | 1 | _aΓιατί Απέτυχε η Ελλάδα εκεί που Πέτυχαν Άλλες Χώρες / Τα Επιχειρηματικά Σχήματα της Θ.Ε.Α. | |
| 260 |
_bΕμπορικό Και Βιομηχανικό Επιμελητήριο Αθηνών, _c2015 |
||
| 300 | _a64 | ||
| 520 | _aΕνδοεταιρική - Διαμεσολάβηση - Συγκρούσεις στο Χώρο Εργασίας, Εκδήλωση στο Ε.Β.Ε.Α.: Επιχειρηματικότητα με Ευθύνη, Σεμινάρια Τεχνικών Ασφαλείας από το Ε.Β.Ε.Α., Τα Επιχειρηματικά Σχήματα της Θ.Ε.Α., Το Ευρωπαϊκό Θεματολόγιο για την Ασφάλεια 2015-2020, Η Λαϊκή Εντολή για Παραμονή στο Ευρώ είναι Ισχυρότερη από τις Κόκκινες Γραμμές, Σε Ελεύθερη Πτώση η Κατανάλωση, 'Πρωταγωνιστές' Ελαιόλαδο και Ποτά-Καπνός και Βιομηχανικά Προϊόντα, Υψηλό το Κόστος Αναμονής, Νέος Νόμος για τα Αυθαίρετα με 'Παγωμένες' Διατάξεις του ΙσχύοντοςΤο Δημοκρατικό Έλλειμα των Βασικών Οργάνων της Ε.Ε. | ||
| 700 | 1 |
_aΜίχαλος Κωνσταντίνος _94319 |
|
| 942 | _cCR | ||
| 999 |
_c9226 _d9226 |
||